Una aproximación al estado de la titulación colectiva / (Registro nro. 2498)

Detalles MARC
000 -CABECERA
Campo de control 01364cam a2200289 a 4500
005 - FECHA Y HORA DE LA ULTIMA TRANSACCION
Campo de control 20160215094622.0
008 - ELEMENTOS DE LONGITUD FIJA—INFORMACION GENERAL
Campo de control 010327s1999 ck r 00010 spa d
040 ## - FUENTE DE CATALOGACIÓN
Agencia catalogadora original la
Agencia transcriptora la
Agencia Modificadora CO-BoIAVH
041 0# - IDIOMA
Código de idioma para texto/pista de sonido o título separado Español
044 ## - PAÍS DE PUBLICACIÓN
País de publicación Colombia
082 04 - NUMERO DE CLASIFICACION DECIMAL DEWEY
Número de clasificación 338.6
Número del ítem I25a
110 2# - ASIENTO PRINCIPAL--NOMBRE CORPORATIVO
Nombre corporativo o de jurisdicción como elemento de entrada Instituto de Investigaciones Ambientales del Pacífico.
9 (RLIN) 12562
245 14 - MENCION DE TITULO
Título Una aproximación al estado de la titulación colectiva /
Mención de responsabilidad Instituto de Investigaciones Ambientales del Pacífico.
260 ## - PUBLICACION, DISTRIBUCION, ETC. (PIE DE IMPRENTA)
Lugar de publicación, distribución, etc. [Quibdo?] :
Nombre del editor, distribuidor, etc. Instituto de Investigaciones Ambientales del Pacífico,
Fecha de publicación, distribución, etc. [s. f.].
300 ## - DESCRIPCION FISICA
Extensión 80 páginas ;
Dimensiones 17 x 24 cm.
504 ## - NOTA DE BIBLIOGRAFIA, ETC.
Nota de bibliografía Incluye bibliografía.
610 20 - ASIENTO SECUNDARIO DE MATERIA - NOMBRE CORPORATIVO
Nombre corporativo o nombre de la jurisdicción como elemento de entrad Instituto de Investigaciones Ambientales del Pacífico
Lugar de la reunión (Quibdó)
Subdivisión general Investigaciones.
9 (RLIN) 59815
650 #6 - ASIENTO SECUNDARIO DE MATERIA - TERMINO TEMATICO
Término temático o nombre geográfico como elemento de entrada Planificación regional
Subdivisión geográfica Pacífico (Región, Colombia)
9 (RLIN) 59816
650 #6 - ASIENTO SECUNDARIO DE MATERIA - TERMINO TEMATICO
Término temático o nombre geográfico como elemento de entrada Competencia económica
Subdivisión geográfica Pacífico (Región, Colombia)
9 (RLIN) 59817
651 #0 - ASIENTO SECUNDARIO DE MATERIA - NOMBRE GEOGRAFICO
Nombre geográfico Pacífico (Región, Colombia)
Subdivisión general Condiciones sociales.
9 (RLIN) 59818
651 #0 - ASIENTO SECUNDARIO DE MATERIA - NOMBRE GEOGRAFICO
Nombre geográfico Pacífico (Región, Colombia)
Subdivisión general Política económica.
9 (RLIN) 59819
651 #0 - ASIENTO SECUNDARIO DE MATERIA - NOMBRE GEOGRAFICO
Nombre geográfico Pacífico (Región, Colombia)
Subdivisión general Aspectos ambientales
-- Investigaciones.
9 (RLIN) 59820
651 #0 - ASIENTO SECUNDARIO DE MATERIA - NOMBRE GEOGRAFICO
Nombre geográfico Pacífico (Región, Colombia)
Subdivisión general Condiciones económicas.
9 (RLIN) 59821
700 1# - ASIENTO SECUNDARIO - NOMBRE PERSONAL
Nombre personal Villa Rivera, William
Término de relación textos
9 (RLIN) 59822
700 1# - ASIENTO SECUNDARIO - NOMBRE PERSONAL
Nombre personal Rivera Cadavid, Marlyn Rosa
Término de relación textos
9 (RLIN) 59823
942 ## - ELEMENTOS ADICIONALES (KOHA)
Sistema de clasificación Dewey Decimal Classification
Tipo de ítem Libro
Existencias
Withdrawn status Lost status Sistema de Clasificación Damaged status No para préstamo Colección Inventariado Ubicación Permanente Ubicación actual Fecha de adquisición Fuente de Valor Valor Total Checkouts Número topográfico Inventario / Código de Barras Date last seen Ejemplar Price effective from Forma de adquisición Tipo de material
    Dewey Decimal Classification     General Inventariado 2017 Bogotá Bogotá 11/10/2001 Instituto 39000.00   LB-338.6 I25a 003095 04/12/2012 Ej. 1 04/12/2012   Libro